| 000 | 00887nam a2200277Ia 4500 | ||
|---|---|---|---|
| 003 | OSt | ||
| 005 | 20221005062134.0 | ||
| 006 | a|||||r|||| 00| 0 | ||
| 007 | ta | ||
| 008 | 221004b |||||||| |||| 00| 0 eng d | ||
| 020 |
_a9781472429872 (hbk) _cUKP 165.00 |
||
| 024 | _a34493 | ||
| 037 |
_bBBS/22, 15/09/2017, Better Book Service _cTextual |
||
| 040 |
_aCRL _cCRL _beng |
||
| 041 |
_2eng _aeng |
||
| 082 | _aO1110aA, Q7 | ||
| 100 | _aHolmes John Ed. | ||
| 245 | 0 | _aRoutledge research companion to nineteenth-century british literature and science | |
| 260 |
_aLondon _bRoutledge UK _c2017 |
||
| 300 |
_axii,465p. _ccm. |
||
| 650 | _a SCIENCE | ||
| 650 | _aENGLISH LITERATURE | ||
| 700 | _a Ruston Sharon Ed. | ||
| 942 |
_hO1110aA, Q7 _cTEXL _2cc |
||
| 999 |
_c969217 _d969217 |
||